00582nam a2200193Ia 450000500170000000800410001702000150005808200210007310000120009424500610010626000390016730000160020665000160022265000180023865000140025694200060027095200970027699900150037320250206024516.0240331s9999 xx 000 0 und d a817044098X bPUR23557a305.4 aPuri, U 0aTowards a New Womanhood:bA Study of Black Women Writers aJaipurbPrintwell Publishersc1989 axv, 187 p., aBlack Women aAfro-American aWomanhood cL 001040708LaWERCLbWERCLcSSCd2024-03-31l0o 305.4 PURp3557r2024-03-31w2024-03-31yL c1691d1691